| 000 | 00476nam a2200169 i 4500 | ||
|---|---|---|---|
| 001 | 42391 | ||
| 003 | ES-MaACL | ||
| 005 | 20250814063214.0 | ||
| 007 | t| | ||
| 008 | 030313s1963 sp ||||1| spa d | ||
| 100 | 1 |
_aCastillo-Puche, José Luis, _d1919-2004 _936763 |
|
| 245 | 1 | 0 |
_aOro blanco _b: novela / _cJ. L. Castillo-Puche. |
| 260 |
_aMadrid : _bCid, _c[1963] |
||
| 300 |
_a455 p. ; _c24 cm. |
||
| 852 |
_aES-MaACL _jC-23525 _bR.52416 |
||
| 999 |
_c42391 _d42391 |
||